Word Ladder: Why Jack Is Dull Quiz Stats

 Plays Quiz Updated Nov 22, 2016

Score 0/39 Timer 04:00
1 Play Today
Hint 4-Letter Word % Correct
Fired a pistolSHOT
98.7%
US ten-cent pieceDIME
96.1%
Chimney residueSOOT
96%
✍ 7 day period ✍WEEK
95.7%
✍ Brief-, suit-, or pillow-CASE
95.2%
Lacking strengthWEAK
95.1%
✍ Go to market ✍SHOP
94.9%
✍ Sports squad ✍TEAM
93.8%
Unwanted lawn plantWEED
93.8%
Actors in a playCAST
93.5%
Rounded roofDOME
93.5%
Underground part of plantROOT
93.3%
✍ Lower extremity below ankle ✍FOOT
92.6%
PriceCOST
92.4%
Jell-O shaperMOLD
91.6%
Least spicy salsaMILD
91.5%
Au, element #79GOLD
91.4%
500 sheets of paperREAM
91.3%
✍ Subdivision in a house ✍ROOM
90.9%
Hard Southeast Asian timberTEAK
90.8%
Hint 4-Letter Word % Correct
Move about aimlessly ROAM
90%
SustenanceFOOD
88.2%
1st, 2nd, or 3rd in MLBBASE
87.7%
Dark, rail-like birdCOOT
87.7%
✍ Grind grain into flour ✍MILL
87.1%
✍ Domicile ✍HOME
86.5%
Part of a sentenceWORD
86.1%
✍ Large-headed golf club ✍ WOOD
83.9%
Pb, element #82LEAD
83.8%
Use all available spaceFILL
83.6%
Flexible water conduitHOSE
83.2%
MA sound tech companyBOSE
81.9%
Extremely serious or urgentDIRE
81.1%
✍ Install software ✍LOAD
80.1%
Spoken or written language (Scot.)LEED
79.1%
Sharp cattle driving stickGOAD
77.1%
Metal raspFILE
75.9%
✍ Conflagration ✍FIRE
73.9%
✍✍ COMMON BOND ✍✍WORK
46.8%

Today's Daily Dose

You're not logged in!

Compare scores with friends on all Sporcle quizzes.
OR
Log In

You Might Also Like...

Show Comments

Extras

Top Quizzes Today


Score Distribution

Your Account Isn't Verified!

In order to create a playlist on Sporcle, you need to verify the email address you used during registration. Go to your Sporcle Settings to finish the process.

Report this User

Report this user for behavior that violates our Community Guidelines.

Details: